115 dessins animés de notre enfance - Statistiques

Statistiques générales
  • Ce quiz a été pris 384 fois
    346 depuis la dernière actualisation
  • Le résultat moyen est 22 sur 115
Statistiques - réponses
Réponse % Correct
Totally Spies / Spiez
62%
Foot 2 rue
56%
Pokemon
56%
Scooby-Doo
46%
Oggy et les Cafards
45%
Bob l'Éponge
43%
Dora l'Exploratrice / Go Diego
42%
Les zinzins de l'espace
42%
Tom et Jerry
42%
TIteuf
40%
Ben 10 / Ben 10 alien Force / Ben 10 Omniverse
39%
Les Minijusticiers
37%
Code Lyoko
36%
Martin Mystère
36%
Ratz
36%
Martin Matin
35%
Oui-Oui
35%
Le Marsupilami
34%
T'choupi
34%
Franklin
33%
Garfield et cie
31%
Inspecteur Gadget
31%
Yu-Gi-Oh / Yu-Gi-Oh GX / Yu-Gi-Oh 5DS
31%
Barbapapa
30%
X-Men
30%
Galactik Football
29%
La Panthère Rose
29%
Miraculous
29%
Les Super Nanas
27%
Paw Patrol, la Pat'Patrouille
27%
Tintin
27%
Batman / Batman la relève
25%
Inazuma Eleven
25%
Phinéas et Ferb
25%
Les Looney Tunes
24%
Les Simpsons
24%
Peppa Pig
24%
Shuriken School
24%
Spiderman
24%
Tom Tom et Nana
24%
Beyblade
23%
Cédric
23%
Les Tortues Ninja
23%
Marcelino
23%
Winx Club
23%
Babar
22%
Corneille et Bernie
22%
Famille Pirate
22%
Le monde incroyable de Gumball
22%
Yakari
22%
Les Razmoket
21%
Lucky Luke
21%
Il était une fois... la vie
20%
Kim Possible
20%
Barbie
19%
Le Laboratoire de Dexter
19%
Les Schtroumpfs
19%
Mes Parrains sont Magiques
19%
Digimon
17%
Jimmy Neutron
17%
Maya l'Abeille
17%
Sam le Pompier
17%
Wakfu
17%
Les histoires du Père Castor
16%
La Famille Delajungle
15%
La Maison de Mickey
15%
Avatar, le Dernier maître de l'air
14%
Boule & Bill
14%
Denver, le dernier dinosaure
14%
Kid Paddle
14%
Le Bus Magique
14%
My Little Pony
14%
South Park
14%
Adventure Time
13%
Capitaine Flam
13%
Teen Titans / Teen Titans Go !
13%
Futurama
12%
Gormiti, les seigneurs de la nature
12%
Les Bisounours
12%
American Dad
11%
Kangoo Junior
11%
Sourire d'Enfer
11%
Witch
11%
Jackie Chan
9%
Johnny Test
9%
La Cour de Récré
9%
Hé Arnold
8%
Les contes de Masha
8%
Sabrina, l'apprentie sorcière
8%
Danny Fantôme
7%
Detective Conan
7%
Le monde fou de Tex Avery
7%
Les Pierrafeu
7%
Justice League
6%
Mr Bean
6%
Pingu
6%
Robotboy
6%
Angela Anaconda
5%
Courage, le chien froussard
5%
Regular Show
5%
Johnny Bravo
4%
Lilo et Stitch, la série
4%
Hercule
3%
Les Griffin
3%
Spirou et Fantasio
3%
Dinosaur King
2%
Green Lantern
2%
Les Animaniacs
2%
Capitaine Planète
1%
Foster, la maison des amis imaginaires
1%
Kids Next Door
1%
Léonard
1%
Samouraï Jack
1%
Franky Snow
0%
Le Cuphead Show
0%
Aucun quiz correspondant
Distribution des résultats
% des personnes avec chaque résultat
Percentile par nombre de réponses
Votre historique - résultats
Vous n’avez pas pris ce quiz depuis la dernière actualisation